100 Days 100 Teams - Liverpool - Statistics

General Stats
  • This quiz has been taken 12 times
  • The average score is 17 of 26
Answer Stats
Hint Answer % Correct
SĞK 🇪🇬 Mohamed Salah
100%
STP 🇳🇱 Virgil van Dijk
92%
MOS 🇦🇷 Alexis Mac Allister
83%
KL 🇧🇷 Alisson
83%
SLK 🇳🇱 Cody Gakpo
83%
ON 🇭🇺 Dominik Szoboszlai
83%
SĞK 🇮🇹 Federico Chiesa
83%
ON 🇩🇪 Florian Wirtz
83%
SNT 🇸🇪 Alexander Isak
75%
SLB 🏴󠁧󠁢󠁳󠁣󠁴󠁿 Andrew Robertson
75%
KL 🇬🇪 Giorgi Mamardashvili
75%
SNT 🇫🇷 Hugo Ekitiké
75%
STP 🇫🇷 Ibrahima Konaté
75%
SĞB 🇳🇱 Jeremie Frimpong
75%
STP 🏴󠁧󠁢󠁥󠁮󠁧󠁿 Joe Gomez
75%
SLB 🇭🇺 Milos Kerkez
75%
ÖL 🇳🇱 Ryan Gravenberch
75%
ÖL 🇯🇵 Wataru Endo
67%
SĞB 🏴󠁧󠁢󠁥󠁮󠁧󠁿 Conor Bradley
58%
MOS 🏴󠁧󠁢󠁥󠁮󠁧󠁿 Curtis Jones
58%
KL 🏴󠁧󠁢󠁥󠁮󠁧󠁿 Freddie Woodman
58%
ÖL 🇪🇸 Stefan Bajcetic
42%
SLK 🏴󠁧󠁢󠁥󠁮󠁧󠁿 Rio Ngumoha
33%
STP 🇮🇹 Giovanni Leoni
25%
STP 🏴󠁧󠁢󠁥󠁮󠁧󠁿 Rhys Williams
25%
MOS 🏴󠁧󠁢󠁥󠁮󠁧󠁿 Trey Nyoni
8%
No matching quizzes found
Score Distribution
Percent of People with Each Score
Percentile by Number Answered
Your Score History
You have not taken this quiz